000 01183cam a22003133a 4500
001 1190
005 20230825151617.0
008 040721s2004 nyua j 000 0 eng d
020 _a078073003990
040 _aOCO
_cOCO
_dDLC
_beng
050 0 0 _aPZ7.P915
082 _aFic
100 1 _aPreller, James.
245 1 4 _aThe case of the glow-in-the-dark ghost /
_cby James Preller ; illustrated by Jamie Smith ; cover illustration by R.W. Alley.
260 _aNew York :
_bScholastic Inc.,
_c2004.
300 _a70 pages :
_bIllustrations ;
_c20 cm
490 1 _aJigsaw Jones mysteries
_vBook 24
500 _a"A Little Apple paperback".
505 _aJ
520 _aJigsaw's school is haunted! Some kids saw a ghost dancing in the classroom. Jigsaw Jones is not afraid. He will catch this glowing ghost...even if he has to stay after school to do it!
521 0 _a450
_bLexile
521 0 _aJ
_bRaz-Plus
650 0 _aDetective and mystery stories.
655 7 _aChildren's stories.
_2lcsh
655 7 _aMystery fiction.
_2gsafd
700 1 _aSmith, Jamie,
_d1971-
_eillustrator.
906 _a7
_bcbc
_ccopycat
_d2
_encip
_f20
_gy-genrareb
942 _2ddc
_cBK
_n0
999 _c1190
_d1190